000 01214cam a22002895a 4500
001 L125990
008 040426s2007 xxk f 001 0 eng u
020 _a9780406969705
035 _a(Sirsi) u125990
041 _aeng
050 0 4 _a346.41078 $2 18
100 _aBailey, Edward
245 _aCorporate insolvency
_blaw and practice
250 _a3rd ed.
260 _aLondon
_bLexisNexis Butterworths
_c2007
300 _aclxxiii, 1653p.
_c26cm.
520 _aExplains UK corporate insolvency law as it stood on 1 October 2007. Covers major legislation including recent changes, and landmark case law. Covers courts and procedures, reviews and appeals, insolvency practitioners, administration and receivership, voluntary and court-enforced winding up, directors, criminal offences, dissolution, human rights, distribution of assets, and cross-border insolvency. Focus is also given to recent changes to the law.
521 2 _aAdvanced
590 _aKA
650 2 4 _aCROSS-BORDER INSOLVENCY REGULATIONS 2006
650 2 4 _aCOMPANIES ACT 2006
650 2 4 _aENTERPRISE ACT 2002
651 4 _aUnited Kingdom
_y
690 _aMANAGEMENT-CORPORATE RECOVERY
700 1 _aGroves, Hugo
942 _n0
999 _c103543
_d103543